[Event "Corus"]
[Site "Wijk aan Zee 63"]
[Date "2001.01.28"]
[Round "13"]
[White "Ivanchuk, Vassily"]
[Black "Timman, Jan"]
[Result "1-0"]
[WhiteElo "2717"]
[BlackElo "2629"]
[Annotator "JvR"]
[PlyCount "83"]
[EventDate "2001.??.??"]
[EventCountry "NED"]

1. Nf3 Nf6 2. c4 b6 3. g3 Bb7 4. d4 e6 5. Bg2 Be7 6. Nc3 O-O 7. O-O Ne4 8. Bd2
f5 9. Qc2 Bf6 10. Rad1 Na6 11. Ne5 Nxc3 12. Bxc3 Bxg2 13. Kxg2 Qc8 14. Rfe1
Qb7+ 15. Kg1 Bxe5 $5 ({Ivanchuk prefers} 15... Rad8) 16. dxe5 {Black has a
backward d-pawn.} Rf7 $6 (16... Qc6 $1 17. b3 Nc5 18. Bd4 a5 19. Bxc5 bxc5 {
offers more resistance.}) 17. b4 c6 18. Rd6 b5 19. Red1 bxc4 20. a3 Rc8 $2 ({
Right is} 20... Nc7 21. Rxd7 Rxd7 22. Rxd7 Qc8 23. Rd1 Nd5 {(Ftacnik).}) 21.
Be1 Nb8 22. a4 c5 23. b5 Qe4 24. Qxe4 fxe4 25. Bc3 Kf8 $6 (25... Rcf8 26. Rf1
g5 {gives counterplay from a crammed position.}) 26. Kg2 Rc7 27. Bd2 Rc8 28. g4
c3 29. Be3 a6 30. Rc1 axb5 31. axb5 Ke8 32. Rxc3 c4 33. h3 Rf8 34. Ba7 Ke7 35.
Rd4 e3 36. fxe3 Rc7 37. Bb6 Rb7 38. Bc5+ Ke8 39. b6 Rg8 40. Ra3 d5 41. exd6 e5
42. Ra7 {Kasparov won the tournament with 9/13. Anand followed by half-a-point.
Ivanchuk and Kramnik scored 8/13. Timman ended with four losses.} 1-0

[Event "Corus"]
[Site "Wijk aan Zee 64"]
[Date "2002.01.12"]
[Round "1"]
[White "Bareev, Evgeny"]
[Black "Adams, Michael"]
[Result "1/2-1/2"]
[WhiteElo "2707"]
[BlackElo "2742"]
[Annotator "JvR"]
[PlyCount "44"]
[EventDate "2002.??.??"]
[EventCountry "NED"]

{Corus 2002 was played from 12-27 i. Bareev won. His enterprising games have
been analysed.} 1. d4 Nf6 2. c4 e6 3. Nf3 b6 4. Nc3 Bb4 5. Qb3 c5 6. a3 Ba5 7.
Bg5 Bb7 8. e3 O-O 9. Rd1 d5 10. Be2 Nbd7 11. O-O cxd4 12. Nb5 $5 {Bareev
starts an adventure. He wants to gain bishop a5.} h6 13. Bh4 Nc5 14. Qc2 d3 $1
15. Bxd3 Nxd3 16. Rxd3 a6 17. cxd5 $5 {The enterprise continues.} axb5 18. dxe6
Qe8 19. Bxf6 fxe6 (19... gxf6 $6 20. Qc7 Bxf3 21. Qg3+ Kh8 22. Qxf3 fxe6 23. b4
{favours White.}) 20. Be5 Be4 21. Rd7 $1 {The game ends with a windmill.} Bxc2
({Not} 21... Qxd7 $4 22. Qxe4 {and 23.b4.}) 22. Rxg7+ Kh8 1/2-1/2

[Event "Corus"]
[Site "Wijk aan Zee 64"]
[Date "2002.01.13"]
[Round "2"]
[White "Piket, Jeroen"]
[Black "Bareev, Evgeny"]
[Result "1/2-1/2"]
[WhiteElo "2659"]
[BlackElo "2707"]
[Annotator "JvR"]
[PlyCount "53"]
[EventDate "2002.??.??"]
[EventCountry "NED"]

1. d4 d5 2. c4 c6 3. Nc3 Nf6 4. e3 a6 5. Nf3 b5 6. cxd5 cxd5 7. Bd2 e6 8. Bd3
Bb7 9. O-O Bd6 10. Ne2 Nc6 11. a4 b4 12. a5 $5 Nxa5 13. Qa4+ Nc6 14. Bxb4 $1 {
White has begun a venture.} Bxb4 15. Ne5 Qb6 16. Rfc1 Rc8 17. Bxa6 $1 Qxa6 ({
Hübner gives} 17... Bxa6 $2 18. Rxc6 Rxc6 19. Nxc6 Bxe2 20. Qa8+ Kd7 21. Ne5+)
18. Qxa6 Bxa6 19. Rxc6 Rxc6 20. Nxc6 Bxe2 21. Ra8+ Kd7 22. Ne5+ Ke7 23. Rxh8
Bd6 24. Nc6+ Kd7 25. Ne5+ Ke7 26. Nc6+ Kd7 27. Ne5+ 1/2-1/2

[Event "Corus"]
[Site "Wijk aan Zee 64"]
[Date "2002.01.15"]
[Round "3"]
[White "Bareev, Evgeny"]
[Black "Van Wely, Loek"]
[Result "1-0"]
[WhiteElo "2707"]
[BlackElo "2697"]
[Annotator "JvR"]
[PlyCount "65"]
[EventDate "2002.??.??"]
[EventCountry "NED"]

1. d4 Nf6 2. c4 g6 3. Nc3 d5 4. Nf3 Bg7 5. Qb3 dxc4 6. Qxc4 O-O 7. e4 a6 8. Be2
b5 9. Qb3 c5 $5 10. dxc5 Be6 11. Qc2 Nc6 12. O-O Qc7 13. Rd1 Rfd8 14. a3 Rxd1+
15. Qxd1 Rd8 16. Qe1 Ng4 $6 (16... Bb3 $1 {blockades.}) 17. h3 Nd4 $2 ({Better
is} 17... Bxc3 18. bxc3 (18. Qxc3 $4 Nd4 $1) 18... Nge5) 18. hxg4 Nc2 19. Bf4
$1 {A combination leads to the win of a pawn.} Qxf4 20. Qc1 Qxc1+ 21. Rxc1 Bxc3
22. bxc3 (22. Rxc2 $1 {seems to be better.}) 22... Nxa3 23. Ra1 Nc4 24. Rxa6
Rc8 25. c6 Bxg4 26. Bxc4 bxc4 27. Nd4 Rb8 $2 ({Ftacnik analyses} 27... e5 $1
28. Nb5 Kf8 29. Nd6 Rc7 30. Nxc4 Be2 31. Ra8+ Ke7 32. Nxe5 f6 33. Ra2 {Black
will survive by} fxe5 34. Rxe2 Rxc6) 28. Ra5 Kf8 29. Rc5 Bc8 30. Rd5 Rb1+ 31.
Kh2 Ke8 32. c7 Bd7 33. Nc6 $1 1-0

[Event "Corus"]
[Site "Wijk aan Zee 64"]
[Date "2002.01.16"]
[Round "4"]
[White "Gurevich, Mikhail"]
[Black "Bareev, Evgeny"]
[Result "1/2-1/2"]
[WhiteElo "2641"]
[BlackElo "2707"]
[PlyCount "66"]
[EventDate "2002.??.??"]
[EventCountry "NED"]

1. c4 e5 2. Nc3 Nf6 3. Nf3 Nc6 4. d4 exd4 5. Nxd4 Bb4 6. Bg5 h6 7. Bh4 O-O 8.
Rc1 Re8 9. e3 Nxd4 10. Qxd4 c5 11. Qd1 g5 12. Bg3 d5 13. cxd5 Qxd5 14. Qxd5
Nxd5 15. h4 Bg4 16. hxg5 hxg5 17. Bb5 Re7 18. f3 a6 19. Bf1 Be6 20. e4 Nf4 21.
a3 Ba5 22. Bf2 b6 23. Be3 Rd7 24. Rd1 Rad8 25. Rxd7 Rxd7 26. Bxf4 gxf4 27. Bxa6
Bxc3+ 28. bxc3 Ra7 29. Bb5 Rxa3 30. Kd2 Ra2+ 31. Kd3 Rxg2 32. Rh4 Rb2 33. Bc4
b5 1/2-1/2

[Event "Corus"]
[Site "Wijk aan Zee 64"]
[Date "2002.01.17"]
[Round "5"]
[White "Bareev, Evgeny"]
[Black "Leko, Peter"]
[Result "1-0"]
[WhiteElo "2707"]
[BlackElo "2713"]
[Annotator "JvR"]
[PlyCount "81"]
[EventDate "2002.??.??"]
[EventCountry "NED"]

1. d4 Nf6 2. c4 e6 3. Nf3 b6 4. e3 Bb7 5. Bd3 d5 6. b3 Nbd7 7. O-O Bd6 8. Nc3
O-O 9. Bb2 c5 10. cxd5 exd5 11. Rc1 Re8 12. Bf5 Qe7 13. Qc2 Ne4 14. Rfd1 Rad8
$6 15. dxc5 Ndxc5 16. b4 $1 Na6 17. a3 Nc7 18. Nd4 g6 19. Nxe4 dxe4 20. g3 Nd5
21. Bh3 Be5 22. b5 Qg5 23. Qb3 Nf6 24. Qa4 Qh5 25. Kg2 $2 Bc8 $2 (25... g5 $1
26. Qxa7 Bd5 $1 27. Qxb6 g4 {wins a bishop.}) 26. Bxc8 Rxc8 27. h3 Qg5 $2 {
Lékó blunders again!!} (27... Nd5 $5 28. Qxa7 Nxe3+ $5 29. fxe3 Bxd4 30. g4
Qxb5 31. Bxd4 Qe2+ 32. Kg3 Qf3+ {leads to perpetual check.}) 28. Rxc8 Rxc8 29.
Nc6 $1 Bxb2 30. Ne7+ Kg7 31. Nxc8 Qf5 32. Nd6 Qf3+ 33. Kg1 Be5 34. Qc2 h5 35.
h4 Qg4 36. Kg2 Qf3+ 37. Kg1 Qg4 38. Qb3 Bxg3 39. Qxf7+ Kh6 40. Qf8+ Kh7 41.
Qe7+ 1-0

[Event "Corus"]
[Site "Wijk aan Zee 64"]
[Date "2002.01.19"]
[Round "6"]
[White "Timman, Jan"]
[Black "Bareev, Evgeny"]
[Result "0-1"]
[WhiteElo "2605"]
[BlackElo "2707"]
[Annotator "JvR"]
[PlyCount "66"]
[EventDate "2002.??.??"]
[EventCountry "NED"]

1. c4 e5 2. Nc3 Nf6 3. Nf3 Nc6 4. g3 Bc5 5. Bg2 O-O 6. Nxe5 Bxf2+ 7. Kxf2 Nxe5
8. b3 Re8 9. Rf1 d5 $5 (9... c6 {was played in Conquest-Loginov, Budapest 1996.
}) 10. d4 {Timman wants to conquer the centre.} Neg4+ 11. Kg1 dxc4 $5 12. bxc4
Ne3 $1 13. Bxe3 Rxe3 14. Qd2 Re8 $6 ({More consistent is} 14... Qe8 $1 15. Rxf6
$1 gxf6 16. Nd5 Rxe2 {(Bareev)} 17. Qd3 $1 Kg7 18. Bf1 Re7 19. Nxe7 Qxe7) 15.
Rad1 $6 (15. Nd5 $1 Nxd5 16. Bxd5 Be6 17. Bxb7 {brings a plus (Bareev).}) 15...
c6 16. Qf4 Bg4 $1 17. Rf2 Bh5 18. d5 cxd5 19. Nxd5 $1 Ng4 20. Rff1 Ne5 21. Qc1
$2 ({No risk is taken by the repetition} 21. Rf2 $1) 21... Bxe2 $1 {Black
sacrifices for active play.} 22. Nf6+ gxf6 23. Rxd8 Raxd8 24. Bxb7 Kg7 $5 25.
Bd5 Bxf1 26. Qxf1 Rb8 {White cannot stop the entry by the hostile rooks.} 27.
Qf2 Nd3 $1 28. Qxa7 Re1+ 29. Kg2 Rb2+ 30. Kh3 Ne5 31. g4 Ree2 32. Kg3 Rxa2 33.
Qc5 Rad2 $1 0-1

[Event "Corus"]
[Site "Wijk aan Zee 64"]
[Date "2002.01.21"]
[Round "8"]
[White "Bareev, Evgeny"]
[Black "Grischuk, Alexander"]
[Result "1/2-1/2"]
[WhiteElo "2707"]
[BlackElo "2671"]
[PlyCount "55"]
[EventDate "2002.??.??"]
[EventCountry "NED"]

1. c4 e6 2. Nc3 d5 3. d4 c5 4. cxd5 exd5 5. Nf3 Nc6 6. g3 Nf6 7. Bg2 Be7 8. O-O
O-O 9. Bg5 c4 10. Ne5 Be6 11. Nxc6 bxc6 12. b3 Qa5 13. Na4 Rab8 14. Bf4 Rb7 15.
Qc2 Rc8 16. bxc4 Rb4 17. Nb2 Qb6 18. Rab1 dxc4 19. Na4 Qa5 20. Rxb4 Bxb4 21.
Bc1 Nd5 22. a3 Bf8 23. Bd2 Qa6 24. Ra1 Rd8 25. e3 Qb5 26. Rb1 Qa6 27. Ra1 Qb5
28. Rb1 1/2-1/2

[Event "Corus"]
[Site "Wijk aan Zee 64"]
[Date "2002.01.24"]
[Round "10"]
[White "Bareev, Evgeny"]
[Black "Dreev, Alexey"]
[Result "1-0"]
[WhiteElo "2707"]
[BlackElo "2683"]
[Annotator "JvR"]
[PlyCount "179"]
[EventDate "2002.??.??"]
[EventCountry "NED"]

1. d4 d5 2. c4 c6 3. Nf3 Nf6 4. e3 Bf5 5. Nc3 e6 6. Nh4 Be4 7. f3 Bg6 8. Qb3
Qc7 9. Bd2 Nbd7 10. Be2 Be7 11. g3 dxc4 12. Bxc4 Bh5 13. Be2 O-O 14. O-O c5 15.
Rac1 Rad8 16. g4 $1 Bg6 17. Nxg6 hxg6 18. Rfd1 Qb8 19. dxc5 Bxc5 20. g5 Nb6 $1
21. Na4 $1 ({Not} 21. gxf6 $4 Rxd2 $1) 21... Nxa4 22. gxf6 Rd5 23. Be1 Rg5+ ({
Preferable is} 23... Qe5 $1 24. Bf2 Rxd1+ 25. Rxd1 {(Bareev)} Qxb2 $1) 24. Kh1
Nb6 25. Bf2 Qe5 26. fxg7 Kxg7 27. Qc3 Na4 $6 (27... Rc8 28. Qxe5+ Rxe5 29. f4
Rd5 {keeps the equality.}) 28. Qxe5+ Rxe5 29. b3 $2 (29. f4 $1 Re4 30. Bf3 {
gains a plus (Bareev).}) 29... Bxe3 30. Bg3 Rc5 31. Rxc5 Nxc5 32. b4 Na6 33.
Rd3 Bb6 34. Rd7 Rc8 35. a3 Nc7 36. Be5+ Kf8 37. Bd6+ Kg8 38. Bd3 Ne8 $2 (38...
Nd5 $1 {nearly wins (Bareev).}) 39. Be5 Bc7 40. Bd4 a6 41. Be4 Nd6 42. Bf6 b5
43. Kg2 Bb8 44. h4 Ne8 45. Be7 Be5 46. Ra7 f5 47. Ba8 Rc2+ 48. Kf1 Bd4 49. Rxa6
Nc7 50. Rd6 {Black has been attacking for twenty moves and becomes impatient.}
Rf2+ $2 (50... Bb2 {draws.}) 51. Ke1 Nxa8 52. Rxd4 Rxf3 (52... Ra2 {(Bareev)}
53. Bd8 $1 Rxa3 54. Ba5 $1) 53. a4 $1 Nb6 54. axb5 $1 Kf7 ({The pointe is} 
54... Nd5 55. Bd6 Rh3 56. Rxd5 exd5 57. b6) 55. Bc5 e5 56. Rd8 Rb3 57. Bxb6
Rxb4 58. Rd5 Ke6 59. Rc5 Kd6 60. Rc6+ Kd5 61. Rxg6 Rxb5 62. h5 Rb2 63. Kf1 Rh2
64. Rg5 Ke4 65. Kg1 Rh3 66. Ba5 Ra3 67. Be1 f4 68. Kg2 Ra2+ 69. Bf2 Ra6 70. Rg6
Ra8 71. Rf6 Rg8+ 72. Rg6 Rc8 73. Rg5 Rc6 74. Bh4 Re6 75. Rg6 Kf5 76. Rxe6 Kxe6
77. Kh3 Kf5 78. Bd8 e4 79. Kh4 e3 80. Bb6 Ke4 81. h6 f3 82. Kg3 f2 83. Kg2 Kd3
84. Kf1 Kd2 85. Bxe3+ Kxe3 86. h7 Kf3 87. h8=Q Ke3 88. Qh3+ Ke4 89. Kxf2 Kd4
90. Qe3+ {Bareev led with 7/10.} 1-0

[Event "Corus"]
[Site "Wijk aan Zee 64"]
[Date "2002.01.25"]
[Round "11"]
[White "Khalifman, Alexander"]
[Black "Bareev, Evgeny"]
[Result "1-0"]
[WhiteElo "2688"]
[BlackElo "2707"]
[Annotator "JvR"]
[PlyCount "39"]
[EventDate "2002.??.??"]
[EventCountry "NED"]

1. e4 e6 2. d4 d5 3. Nc3 dxe4 4. Nxe4 Nd7 5. Bd3 Ngf6 6. Qe2 c5 7. Nxf6+ Nxf6
8. dxc5 Bxc5 9. Bd2 O-O 10. O-O-O Qd5 $5 {Black has deplorable results with
this line.} 11. Kb1 Qxg2 12. Nf3 Qxf2 13. Qe5 Be7 $5 {Bareev brings a novelty.}
14. Rdf1 Qc5 15. Qg3 Nh5 16. Qh3 g6 {Black might have prepared these moves.}
17. Rhg1 Nf4 $2 ({Khalifman analyses} 17... Ng7 $1 18. Ng5 Bxg5 19. Rxg5 e5 20.
Qg3 f5 $1 ({he continues with} 20... f6 21. Rxg6 $1 hxg6 22. Qxg6 f5 23. Bh6
Rf7 24. Bxg7 Rxg7 25. Qe8+ Kh7 26. Qh5+) 21. Bc3 f4 {tries to win.}) 18. Bxf4
e5 19. Qh6 exf4 20. Rg5 $1 {If the black queen flights, White plays Rh5. 
Grischuk and Adams caught uo with the quick loser.} ({The alternative is} 20.
Rg5 f5 21. Rxg6+ $1 hxg6 22. Qxg6+ Kh8 23. Qh6+ Kg8 24. Bc4+ $1 Qxc4 25. Rg1+
Kf7 26. Qg6#) 1-0

[Event "Corus"]
[Site "Wijk aan Zee 64"]
[Date "2002.01.26"]
[Round "12"]
[White "Bareev, Evgeny"]
[Black "Lautier, Joel"]
[Result "1-0"]
[WhiteElo "2707"]
[BlackElo "2687"]
[Annotator "JvR"]
[PlyCount "141"]
[EventDate "2002.??.??"]
[EventCountry "NED"]

1. d4 Nf6 2. Nf3 e6 3. e3 b6 4. Bd3 Bb7 5. Nbd2 c5 6. b3 Nc6 7. a3 Be7 8. Bb2
O-O 9. O-O Qc7 10. Rc1 Rac8 ({My vote goes to} 10... cxd4 $1 11. exd4 Rac8) 11.
c4 Rfe8 12. Re1 d6 13. Bb1 Qb8 14. Nf1 cxd4 15. exd4 d5 16. Ne3 Bf8 $2 ({Right
is} 16... dxc4 17. bxc4 Bd6 {(Stohl).}) 17. b4 $1 a6 ({The point is} 17... dxc4
18. d5 $1 {(Bareev)} Nxd5 19. Ng5 Nf4 20. Bxh7+) 18. c5 g6 19. Qe2 bxc5 20.
dxc5 Bg7 21. Bd3 Qa7 22. Ne5 Nxe5 23. Bxe5 Nd7 24. Bxg7 Kxg7 25. Ng4 e5 26. Qd2
Qb8 $5 {Black needs to activate his offside queen.} 27. Qh6+ $5 Kg8 28. Bxa6 $5
Bxa6 29. c6 Nf8 30. Nf6+ Kh8 31. c7 Qb5 32. Rc5 Qa4 33. Ra5 Qc6 34. Nh5 Ne6 35.
Nf6 Nf8 36. Nh5 Ne6 37. Rc1 Bc4 38. Nf6 Nf8 39. Nh5 (39. Nxd5 $1 {wins.}) 39...
Ne6 40. Rc5 Qa8 41. Nf6 Nf8 42. Ra5 Qc6 43. Nh5 $2 Ne6 44. Nf6 Nf8 $2 {Lautier
should have claimed a threefold repetition (after moves 38, 42 and 44).} 45.
Nxd5 $1 Nd7 $5 46. Qh4 e4 47. Ne3 Ne5 48. Nxc4 (48. Rxe5 $1 Rxe5 49. Qd8+ Re8
50. Qd4+ Kg8 51. Rxc4 {and White glories (Stohl).}) 48... Nd3 49. Rc2 Qxc7 50.
Qf6+ Kg8 51. Ne3 Qxc2 $5 52. Nxc2 Rxc2 53. h3 Rxf2 54. Qxf2 $6 (54. Qc6 Re6 55.
Qc8+ Kg7 56. Ra8 $1 {wins by force (Bareev).}) 54... Nxf2 55. Kxf2 Rc8 $1 56.
b5 Rc3 57. a4 Rb3 58. Ra6 f5 {Strange things are going to happen.} 59. Ra7 $2 (
{Right is} 59. Rc6 f4 60. b6 Rb2+ 61. Ke1 Rb1+ 62. Ke2 $1 Rb2+ 63. Kd1) 59...
f4 60. Re7 e3+ $2 (60... Rb2+ $1 61. Ke1 e3 62. Re4 g5 63. h4 h6 {draws (Stohl)
.}) 61. Kf3 $1 Kf8 ({Or} 61... Rb4 62. a5 $1 Rxb5 63. a6 {(Bareev).}) 62. Re5
Kf7 63. Kxf4 Rb4+ 64. Kxe3 Rxa4 65. Re4 Ra3+ 66. Kd4 $1 Ra2 67. g4 Rh2 68. Re3
Rb2 69. Kc5 Kf6 70. b6 Kg5 71. Rc3 {Bareev and Grischuk shared the lead. Adams
and Morozovich followed by half-a-point after the penultimate round. The event
was decided in the last round.} 1-0

[Event "Corus"]
[Site "Wijk aan Zee 64"]
[Date "2002.01.27"]
[Round "13"]
[White "Kasimdzhanov, Rustam"]
[Black "Bareev, Evgeny"]
[Result "0-1"]
[WhiteElo "2695"]
[BlackElo "2707"]
[Annotator "JvR"]
[PlyCount "66"]
[EventDate "2002.??.??"]
[EventCountry "NED"]

1. d4 d5 2. c4 c6 3. Nc3 Nf6 4. e3 e6 5. Nf3 Nbd7 6. Qc2 Bd6 7. g4 $5 h6 8. Bd2
Qe7 9. Rg1 e5 10. cxd5 Nxd5 11. Ne4 Bb4 $5 {Bareev brings a novelty.} 12. O-O-O
exd4 13. Nxd4 Bxd2+ 14. Rxd2 g6 15. Bc4 Nb4 16. Qb3 O-O 17. Nf5 $6 {White
plays too hasty.} (17. f3 $1 {(protects a knight)} c5 $1 {, and now} 18. Nf5 $1
gxf5 19. gxf5+ Kh8 20. f6 Nxa2+ $1 21. Qxa2 Nxf6 22. Nxf6 Qxf6 23. Qb3 {leads
to a great fight.}) 17... gxf5 18. gxf5+ Kh7 19. Nd6 Nd5 20. Bxd5 cxd5 21. Qxd5
Nf6 22. Qd4 Bd7 23. e4 Rg8 $1 24. Rgd1 $6 ({Better chances gives} 24. Rg3 {
(Bareev).}) 24... Bc6 25. e5 Ne8 26. Nc4 Rc8 27. Kb1 Qg5 28. Ne3 Ng7 29. h4 Qh5
30. Qf4 Qf3 31. Rd4 ({Or} 31. Qg4 Nxf5 $1 32. Qxf5+ Qxf5+ 33. Nxf5 Be4+ {
(Ftacnik).}) 31... Qxf4 32. Rxf4 Rce8 33. f6 Nh5 {Bareev won and his
competitors drew. So the final standings became Bareev 9, Grischuk 8 1/2,
Adams and Morozovich 8.} 0-1

[Event "Corus"]
[Site "Wijk aan Zee 65"]
[Date "2003.01.11"]
[Round "1"]
[White "Grischuk, Alexander"]
[Black "Van Wely, Loek"]
[Result "1/2-1/2"]
[WhiteElo "2712"]
[BlackElo "2668"]
[PlyCount "76"]
[EventDate "2003.??.??"]
[EventCountry "NED"]

{Corus 2003 was played from 10-26 i. Anand won. The games among the top eight
have been analysed.} 1. e4 c5 2. Nf3 Nc6 3. Bb5 g6 4. Bxc6 dxc6 5. d3 Bg7 6. h3
Nf6 7. Nc3 c4 8. O-O cxd3 9. cxd3 c5 10. Be3 b6 11. d4 cxd4 12. Bxd4 O-O 13.
Qa4 Qd7 14. Qb4 Qd6 15. Qb5 Qd7 16. Qe2 Qb7 17. Rad1 Bd7 18. Ne5 Rad8 19. Ng4
Bc6 20. Nxf6+ exf6 21. f3 Rd6 22. Be3 Rfd8 23. Rxd6 Rxd6 24. Rd1 Qd7 25. Rxd6
Qxd6 26. Qa6 Qd7 27. a4 f5 28. exf5 gxf5 29. Qc4 h6 30. b3 Kh7 31. Ne2 Qd1+ 32.
Kf2 Bd5 33. Qf4 Qc2 34. Kg3 Qxe2 35. Qxf5+ Kg8 36. Qc8+ Kh7 37. Qf5+ Kg8 38.
Qc8+ Kh7 1/2-1/2

[Event "Corus"]
[Site "Wijk aan Zee 65"]
[Date "2003.01.11"]
[Round "1"]
[White "Kramnik, Vladimir"]
[Black "Ivanchuk, Vassily"]
[Result "1/2-1/2"]
[WhiteElo "2807"]
[BlackElo "2699"]
[Annotator "JvR"]
[PlyCount "82"]
[EventDate "2003.??.??"]
[EventCountry "NED"]

1. e4 c5 2. Nf3 d6 3. d4 cxd4 4. Nxd4 Nf6 5. Nc3 Nc6 6. Bg5 e6 7. Qd2 a6 8.
O-O-O Bd7 9. f3 Be7 10. Kb1 b5 11. Nxc6 Bxc6 12. Bxf6 Bxf6 13. Qxd6 Qxd6 14.
Rxd6 Rc8 15. Ne2 Ke7 16. Rd3 Rhd8 17. Nc1 a5 18. a3 b4 19. axb4 axb4 20. Rxd8
Rxd8 21. Be2 h5 22. Nd3 Rd4 23. h4 Bb5 24. g3 b3 25. Re1 Bxd3 26. Bxd3 Be5 27.
f4 Bd6 28. Re3 bxc2+ 29. Kxc2 Bc5 30. Rf3 Ra4 31. e5 Bd4 32. Be2 g6 33. Rb3 Bf2
34. Rf3 Be1 35. Bd3 Kf8 36. Re3 Bf2 37. Rf3 Be1 38. Kd1 Ra1+ 39. Ke2 Bb4 40.
Bb5 Ra2 41. Rb3 Ba3 {White was a pawn up but he had no real winning chances.}
1/2-1/2

[Event "Corus"]
[Site "Wijk aan Zee 65"]
[Date "2003.01.12"]
[Round "2"]
[White "Van Wely, Loek"]
[Black "Polgar, Judit"]
[Result "1/2-1/2"]
[WhiteElo "2668"]
[BlackElo "2700"]
[Annotator "JvR"]
[PlyCount "126"]
[EventDate "2003.??.??"]
[EventCountry "NED"]

1. d4 Nf6 2. c4 e6 3. Nf3 b6 4. g3 Ba6 5. Qa4 Bb7 6. Bg2 c5 7. dxc5 Bxc5 8. O-O
O-O 9. Nc3 Be7 10. Rd1 Na6 11. Bf4 Nc5 12. Qc2 Qc8 13. Rac1 Nce4 14. Nd4 Nxc3
15. Qxc3 Bxg2 16. Kxg2 Qb7+ 17. Qf3 Ne4 18. Nb5 f5 19. Bd6 Nxd6 20. Nxd6 Qxf3+
21. Kxf3 Rab8 22. Rc3 Rfd8 23. Rcd3 Kf8 24. e4 Bxd6 25. Rxd6 fxe4+ 26. Kxe4 Ke7
27. f4 Rb7 28. b3 Rc8 29. a4 Rc5 30. g4 Rbc7 31. R1d3 h5 32. h3 Rb7 33. f5 hxg4
34. hxg4 g6 35. fxe6 (35. fxg6 $1 Rg5 36. Kf4 Rxg6 {and White keeps a
positional plus.}) 35... dxe6 36. Rd8 Kf6 37. Kf4 g5+ 38. Ke4 Re5+ 39. Kd4 Re1
40. Rf3+ Kg7 41. Rff8 Rg1 42. Ke5 Rxg4 43. Kxe6 Re4+ 44. Kd5 Rbe7 45. Rg8+ Kh6
46. Kc6 R4e6+ 47. Kb5 Rg6 48. b4 g4 49. c5 bxc5 50. bxc5 a6+ 51. Ka5 Ree6 52.
Rxg6+ Kxg6 53. Rd6 Kf5 54. Rxe6 Kxe6 55. c6 Kd6 56. Kb6 g3 57. c7 g2 58. c8=Q
g1=Q+ 59. Kxa6 Qf1+ 60. Ka7 Qf2+ 61. Ka8 Qb6 62. Qc4 Qc6+ 63. Qxc6+ Kxc6
1/2-1/2

[Event "Corus"]
[Site "Wijk aan Zee 65"]
[Date "2003.01.14"]
[Round "3"]
[White "Anand, Viswanathan"]
[Black "Van Wely, Loek"]
[Result "1/2-1/2"]
[WhiteElo "2753"]
[BlackElo "2668"]
[PlyCount "53"]
[EventDate "2003.??.??"]
[EventCountry "NED"]

1. e4 c5 2. Nf3 Nc6 3. d4 cxd4 4. Nxd4 Nf6 5. Nc3 e5 6. Ndb5 d6 7. Bg5 a6 8.
Na3 b5 9. Bxf6 gxf6 10. Nd5 f5 11. c3 Bg7 12. Bd3 Be6 13. Qh5 O-O 14. exf5 Bxd5
15. f6 e4 16. fxg7 Re8 17. Be2 Re5 18. Qh6 b4 19. Nc2 bxc3 20. bxc3 Qg5 21.
Qxg5 Rxg5 22. O-O Be6 23. Rfd1 Rc5 24. Rxd6 Rxc3 25. Ne3 Nb4 26. a4 Nc2 27.
Nxc2 1/2-1/2

[Event "Corus"]
[Site "Wijk aan Zee 65"]
[Date "2003.01.14"]
[Round "3"]
[White "Kramnik, Vladimir"]
[Black "Bareev, Evgeny"]
[Result "1-0"]
[WhiteElo "2807"]
[BlackElo "2729"]
[Annotator "JvR"]
[PlyCount "95"]
[EventDate "2003.??.??"]
[EventCountry "NED"]

1. e4 c6 2. d4 d5 3. Nc3 dxe4 4. Nxe4 Bf5 5. Ng3 Bg6 6. h4 h6 7. Nf3 Nd7 8. h5
Bh7 9. Bd3 Bxd3 10. Qxd3 Ngf6 11. Bf4 e6 12. O-O-O Be7 13. Ne4 Nxe4 14. Qxe4
Nf6 15. Qd3 Qd5 16. c4 Qe4 17. Qxe4 Nxe4 18. Be3 Nd6 19. b3 Bf6 20. g4 (20.
Rhe1 {was played in Bondarchik-Bets, Nikolaev 2001.}) 20... b5 $1 {Bareev
counters immediately.} 21. Nd2 Kd7 22. Kc2 Bd8 $6 {The bishop should stay on
the kingside.} 23. Nf3 $1 Bf6 $5 {Black changes his mind.} 24. Ne5+ Kc7 25. c5
$5 ({Best is} 25. Bf4 $1 Bxe5 {(Kramnik)} 26. Bxe5) 25... Bxe5 26. dxe5 Nc8 27.
Rh3 Ne7 28. Rf3 Rhf8 29. Rd6 a5 30. g5 $1 {The attack on the kingside begins.}
hxg5 31. Bxg5 Nf5 $1 32. Rd1 a4 33. b4 Kc8 $2 (33... Rh8 34. Rfd3 Raf8 $1 {is
okay (Lukacs).}) 34. Rfd3 Ra7 35. Rd8+ Rxd8 36. Rxd8+ Kb7 37. Kc3 Ka6 38. Kd3
Rc7 39. Ke4 Kb7 40. Rd1 Kc8 41. Rd8+ Kb7 42. Kf4 $1 Rc8 43. Rd7+ Rc7 44. Rd3
Kc8 ({Or} 44... Rc8 45. Bd8 $1) 45. Rd8+ Kb7 {Black has a passive position.
White takes advantage in a fine manner.} 46. Bf6 $3 g6 ({The pointe is} 46...
gxf6 47. exf6 Rc8 48. Rxc8 Kxc8 49. Kg5 Kd7 50. h6 Nxh6 51. Kxh6 e5 52. Kh7 $1
e4 (52... Ke6 53. Kg7 a3 54. f3) 53. Kg7 Ke6 54. a3 {and White wins by
zugzwang (Kramnik).}) 47. hxg6 fxg6 48. Kg5 1-0

[Event "Corus"]
[Site "Wijk aan Zee 65"]
[Date "2003.01.15"]
[Round "4"]
[White "Ivanchuk, Vassily"]
[Black "Grischuk, Alexander"]
[Result "1/2-1/2"]
[WhiteElo "2699"]
[BlackElo "2712"]
[PlyCount "35"]
[EventDate "2003.??.??"]
[EventCountry "NED"]

1. d4 Nf6 2. c4 e6 3. Nf3 b6 4. g3 Ba6 5. b3 Bb4+ 6. Bd2 Be7 7. Bg2 c6 8. Bc3
d5 9. Ne5 Nfd7 10. Nxd7 Nxd7 11. Nd2 O-O 12. O-O Nf6 13. Rc1 Rc8 14. e4 c5 15.
exd5 exd5 16. dxc5 d4 17. Bb2 bxc5 18. Re1 1/2-1/2

[Event "Corus"]
[Site "Wijk aan Zee 65"]
[Date "2003.01.16"]
[Round "5"]
[White "Shirov, Alexei"]
[Black "Kramnik, Vladimir"]
[Result "1-0"]
[WhiteElo "2723"]
[BlackElo "2807"]
[Annotator "JvR"]
[PlyCount "87"]
[EventDate "2003.??.??"]
[EventCountry "NED"]

1. e4 c5 2. Nf3 Nc6 3. d4 cxd4 4. Nxd4 Nf6 5. Nc3 e5 6. Ndb5 d6 7. Bg5 a6 8.
Na3 b5 9. Bxf6 gxf6 10. Nd5 f5 11. Bd3 Be6 12. O-O Bxd5 13. exd5 Ne7 14. c3 Bg7
15. Qh5 e4 16. Bc2 O-O 17. Rae1 Qc8 18. Bb3 a5 19. Qg5 Qb7 $5 {Kramnik tries
something new.} 20. f3 h6 $1 21. Qg3 $1 a4 22. Bc2 b4 23. Nc4 $5 {White plans
a temporary piece sacrifice.} Qxd5 24. fxe4 $1 Qxc4 25. exf5 Nd5 $1 ({Or} 25...
Nxf5 26. Rxf5 Rae8 {(Shirov).}) 26. f6 Nxf6 27. Rxf6 Rae8 28. Ref1 Re2 $2 {
Kramnik presumes to start an energetic counterattack.} ({Right is} 28... bxc3
29. Rxh6 Qd4+ 30. Kh1 Qe3 31. Qxe3 Rxe3 32. Bh7+ Kh8 {drawn (Shirov).}) 29. Bd3
$1 Qc5+ 30. Kh1 Re3 (30... Rxb2 31. Rxh6 Rxa2 $6 32. Rh8+ $1 {has a disastrous
result.}) 31. R6f3 Rxf3 32. Qxf3 bxc3 33. bxc3 Qe5 34. c4 Kh8 $5 35. Bc2 Qa5 $2
({Black offers more resistance by} 35... Qe6 36. Bxa4 Qxc4 37. Bb3 Qc5) 36. Qd3
f5 37. Qxd6 Qc3 38. Bd3 Qd2 39. c5 Qxa2 40. c6 Rg8 41. Qg6 $1 Rf8 42. c7 Qg8
43. Qc6 Rc8 44. Ba6 {The world champion lost due to the sharp play by Shirov.}
1-0